<?xml version="1.0" encoding="UTF-8"?>
<record
    xmlns:xsi="http://www.w3.org/2001/XMLSchema-instance"
    xsi:schemaLocation="http://www.loc.gov/MARC21/slim http://www.loc.gov/standards/marcxml/schema/MARC21slim.xsd"
    xmlns="http://www.loc.gov/MARC21/slim">

  <leader>02616nam a2200409 a 4500</leader>
  <controlfield tag="001">ebr10554341</controlfield>
  <controlfield tag="003">CaPaEBR</controlfield>
  <controlfield tag="006">m        u        </controlfield>
  <controlfield tag="007">cr cn|||||||||</controlfield>
  <controlfield tag="008">111107s2011    enka    sbq   001 0deng d</controlfield>
  <datafield tag="010" ind1=" " ind2=" ">
    <subfield code="z">  2012397626</subfield>
  </datafield>
  <datafield tag="020" ind1=" " ind2=" ">
    <subfield code="z">9781848853430 (pbk.)</subfield>
  </datafield>
  <datafield tag="020" ind1=" " ind2=" ">
    <subfield code="z">9781848859067</subfield>
  </datafield>
  <datafield tag="020" ind1=" " ind2=" ">
    <subfield code="z">9780857720733 (e-book)</subfield>
  </datafield>
  <datafield tag="040" ind1=" " ind2=" ">
    <subfield code="a">CaPaEBR</subfield>
    <subfield code="c">CaPaEBR</subfield>
  </datafield>
  <datafield tag="035" ind1=" " ind2=" ">
    <subfield code="a">(OCoLC)781628819</subfield>
  </datafield>
  <datafield tag="043" ind1=" " ind2=" ">
    <subfield code="a">e-ru---</subfield>
  </datafield>
  <datafield tag="050" ind1="1" ind2="4">
    <subfield code="a">PN1998.3.S596</subfield>
    <subfield code="b">C56 2011eb</subfield>
  </datafield>
  <datafield tag="082" ind1="0" ind2="4">
    <subfield code="a">791.430233092</subfield>
    <subfield code="2">22</subfield>
  </datafield>
  <datafield tag="245" ind1="0" ind2="4">
    <subfield code="a">The cinema of Alexander Sokurov</subfield>
    <subfield code="h">[electronic resource] /</subfield>
    <subfield code="c">edited by Birgit Beumers and Nancy Condee.</subfield>
  </datafield>
  <datafield tag="260" ind1=" " ind2=" ">
    <subfield code="a">London :</subfield>
    <subfield code="b">I.B. Tauris,</subfield>
    <subfield code="c">2011.</subfield>
  </datafield>
  <datafield tag="300" ind1=" " ind2=" ">
    <subfield code="a">xix, 262 p. :</subfield>
    <subfield code="b">ill.</subfield>
  </datafield>
  <datafield tag="490" ind1="1" ind2=" ">
    <subfield code="a">KINO : the Russian and Soviet cinema series</subfield>
  </datafield>
  <datafield tag="504" ind1=" " ind2=" ">
    <subfield code="a">Filmography: p. [245]-252.</subfield>
  </datafield>
  <datafield tag="504" ind1=" " ind2=" ">
    <subfield code="a">Includes bibliographical references (p. [253]-255) and index.</subfield>
  </datafield>
  <datafield tag="505" ind1="0" ind2="0">
    <subfield code="g">Part I</subfield>
    <subfield code="t">Documentary beginnings --</subfield>
    <subfield code="t">Sokurov's documentaries /</subfield>
    <subfield code="r">Jeremy Hicks --</subfield>
    <subfield code="t">Sokurov's film portraits /</subfield>
    <subfield code="r">Eva Binder --</subfield>
    <subfield code="t">Sokurov's cinematic minimalism /</subfield>
    <subfield code="r">Sabine H&#xFFFD;ansgen --</subfield>
    <subfield code="g">Part II</subfield>
    <subfield code="t">Borderlines : geographical, literary and cinematic --</subfield>
    <subfield code="t">Intertextual visions of the Potudan /</subfield>
    <subfield code="r">Nariman Skakov --</subfield>
    <subfield code="t">Living and dying in Sokurov's border zones : Days of eclipse /</subfield>
    <subfield code="r">Julian Graffy --</subfield>
    <subfield code="t">Medium intimacy /</subfield>
    <subfield code="r">Robert Bird --</subfield>
    <subfield code="g">Part III</subfield>
    <subfield code="t">Intimate encounters --</subfield>
    <subfield code="t">Truncated families and absolute intimacy /</subfield>
    <subfield code="r">Mikhail Iampolski --</subfield>
    <subfield code="t">A day in the life : historical representation in Sokurov's "power" tetralogy /</subfield>
    <subfield code="r">Denise J. Youngblood --</subfield>
    <subfield code="t">History, alienation and the (failed) cinema of embodiment : Sokurov's tetralogy /</subfield>
    <subfield code="r">Stephen Hutchings --</subfield>
    <subfield code="g">Part IV</subfield>
    <subfield code="t">Remapping the empire --</subfield>
    <subfield code="t">Crowd control : anxiety of effluence in Sokurov's Russian ark /</subfield>
    <subfield code="r">Jos&#xFFFD;e Alaniz --</subfield>
    <subfield code="t">And the ark sails on ... /</subfield>
    <subfield code="r">Birgit Beumers --</subfield>
    <subfield code="t">Endstate and allegory /</subfield>
    <subfield code="r">Nancy Condee --</subfield>
    <subfield code="g">Part V</subfield>
    <subfield code="t">Russian responses --</subfield>
    <subfield code="t">Script--sound---editing --</subfield>
    <subfield code="t">Film reviews --</subfield>
    <subfield code="t">The oeuvre.</subfield>
  </datafield>
  <datafield tag="533" ind1=" " ind2=" ">
    <subfield code="a">Electronic reproduction.</subfield>
    <subfield code="b">Palo Alto, Calif. :</subfield>
    <subfield code="c">ebrary,</subfield>
    <subfield code="d">2011.</subfield>
    <subfield code="n">Available via World Wide Web.</subfield>
    <subfield code="n">Access may be limited to ebrary affiliated libraries.</subfield>
  </datafield>
  <datafield tag="600" ind1="1" ind2="0">
    <subfield code="a">Sokurov, Aleksandr,</subfield>
    <subfield code="d">1951-</subfield>
    <subfield code="x">Criticism and interpretation.</subfield>
  </datafield>
  <datafield tag="650" ind1=" " ind2="0">
    <subfield code="a">Motion picture producers and directors</subfield>
    <subfield code="z">Russia (Federation)</subfield>
  </datafield>
  <datafield tag="650" ind1=" " ind2="0">
    <subfield code="a">Motion pictures</subfield>
    <subfield code="z">Russia (Federation)</subfield>
  </datafield>
  <datafield tag="655" ind1=" " ind2="7">
    <subfield code="a">Electronic books.</subfield>
    <subfield code="2">local</subfield>
  </datafield>
  <datafield tag="700" ind1="1" ind2=" ">
    <subfield code="a">Beumers, Birgit.</subfield>
  </datafield>
  <datafield tag="700" ind1="1" ind2=" ">
    <subfield code="a">Condee, Nancy.</subfield>
  </datafield>
  <datafield tag="710" ind1="2" ind2=" ">
    <subfield code="a">ebrary, Inc.</subfield>
  </datafield>
  <datafield tag="830" ind1=" " ind2="0">
    <subfield code="a">KINO, the Russian cinema series.</subfield>
  </datafield>
  <datafield tag="856" ind1="4" ind2="0">
    <subfield code="u">http://site.ebrary.com/lib/rucke/Doc?id=10554341</subfield>
    <subfield code="z">An electronic book accessible through the World Wide Web; click to view</subfield>
  </datafield>
  <datafield tag="999" ind1=" " ind2=" ">
    <subfield code="c">91351</subfield>
    <subfield code="d">91351</subfield>
  </datafield>
</record>
